|
|
|
|
| LEADER |
00000nam a22000007a 4500 |
| 005 |
20120119144437.0 |
| 007 |
cr|||| |||| |
| 008 |
120119s2010 sp ||||| |||| 00| 0 spa d |
| 020 |
|
|
|a 978-956-8541-84-2
|
| 035 |
|
|
|a 5292
|
| 040 |
|
|
|a vLex
|
| 090 |
|
|
|c 2937
|d 2937
|
| 245 |
1 |
0 |
|a Derecho constitucional
|h [Recurso electrn̤ico] /
|c Ral︢ Tavolari Oliveros (Director)
|
| 256 |
|
|
|a Servicio en ln̕ea
|
| 260 |
|
|
|a Chile :
|b Editorial Jurd̕ica de Chile,
|c 2010
|
| 300 |
|
|
|a 1 recurso electrn̤ico
|
| 500 |
|
|
|a Doctrinas Esenciales, Edicin̤ Bicentenario, es una obra que contiene una cuidada seleccin̤ de los artc̕ulos de destacados juristas y acadm̌icos, que a lo largo de cien aǫs se han publicado en la prestigiosa Revista de Derecho y Jurisprudencia de la Editorial Jurd̕ica de Chile. Esta obra comprende las temt̀icas ms̀ relevantes del derecho chileno, cuya evolucin̤ queda de manifiesto al consignar los trabajos con criterio temt̀ico y no cronolg̤ico, cuestin̤ que resulta gravitante al momento de analizar la problemt̀ica jurd̕ica actual. El texto que entregamos en esta oportunidad correspondiente a Bienes, profundiza los diferentes aspectos doctrinarios que presenta dicho estatuto jurd̕ico, a la luz de los comentarios y anl̀isis de autores nacionales como Ducci Claro, Alessandri Rodrg̕uez, Silva Bascuǹ̨ y Claro Solar, entre otros.
|
| 506 |
1 |
|
|a Contenido solo disponible en los productos indicados
|d vLex Global
|d vLex Global (Academic Edition, excluding Law Schools)
|d vLex Global (U.S. Academic Edition, Law Schools)
|d vLex Global (U.S. Academic Edition, excluding Law Schools)
|d vLex Global (Academic Edition, Law Schools)
|
| 650 |
0 |
4 |
|a Derecho cosntitucional
|
| 740 |
0 |
|
|a vLex Libros (Servicio en ln̕ea)
|
| 830 |
0 |
|
|a Doctrinas esenciales.
|p Derecho constitucional
|
| 856 |
4 |
0 |
|u http://vlex.com/source/derecho-constitucional-5292
|z Acceso restringido
|
| 942 |
|
|
|c BOOK
|
| 999 |
0 |
|
|a Constitutional law
|